000 00329nam a22001337a 4500
008 170615b xxu||||| |||| 00| 0 eng d
020 _a9780195060126
041 _aeng
080 _a32
100 _a19
101 _aSHP
245 _aTHE THEORETICAL EVOLUTION OF INTERNATIONAL POLITICAL ECONOMY
_cCRANE, G.T
942 _2udc
_cBK
999 _c17559
_d17559